00543nam a2200205 a 4500001001300000003000900013005001700022008004100039020001000080082001800090100001800108245004400126260003400170300000900204500003500213505001700248650002600265650002800291700001800319nice12345678IN_TiNIC20260116013828.0050524s1993 dela grp 000 0 eng  ac12500a294.5923bMIT aMitra, Ananda aTelivision and Popular Culture in India aDelhibSage Publicationc1993 a196p aincludes index and biblioraphy2 aIndex, Notes aMahabharat T V Serial aTelevision and Religion1 aMitra, Ananda